000
00300 a2200133 4500
001
86961
082
_a
515.35 LOM
090
_c
40959
_d
40959
100
_a
Lomen David; James Mark
245
_a
Differential equations
250
_a
1
260
_a
NJ
_b
Prentice Hall
_c
1988
300
_a
x, 464 p.
942
_a
NUST-CAE
_k
515.35 LOM
999
_c
322034
_d
322034